000 00377nam a2200145Ia 4500
008 231129s1997||||xx |||||||||||||| ||spa||
020 _a958-30-0362-X
040 _bspa
082 _a(i) Co863.6 B932c
100 _aBuitrago Fanny
245 0 _aLa casa del verde doncel
260 _c1997
264 _aPanamericana
942 _2ddc
_cBKS
999 _c16576
_d16576